000 00976nam2a2200253 4500
001 rc\2659852
005 20260315043638.0
035 _a(NLR Aleph) 006966884
090 _a13565635
_c13565635
100 _a20110616d1929 u y0rusy50 ca
101 1 _arus
_ceng
102 _aRU
105 _ay z |||||
200 1 _aМартин Эрроусмит
_eРоман
_fПер. с англ. Л.Л. Домгера
_gпод ред. Д.М. Горфинкеля
210 _d1929
215 _a551 с.
461 0 _1001rc\2659851
_12001#$aСобрание сочинений$eТ. II-$vТ. 2
_1700#1$aЛьюис$bС.$gСинклер$f1885 - 1951
_95400968
_aЛьюис, С. (1885 - 1951)
_cМосква
_d1929
_nГос. изд-во
_oТ. II-
_tСобрание сочинений
_vТ. 2
702 1 _aДомгер
_bЛ.Л.
_4730
702 1 _aГорфинкель
_bД.М.
_4340
801 0 _aRU
_bNLR
_gpsbo
801 1 _aRU
_bELAR
_2rusmarc
852 _aNLR
_j73/35
942 _cUNSPEC
980 _aNB